FreeCreditReport.com Quiz Stats

 Plays Quiz not verified by Sporcle

Challenge
Share
Tweet
Embed
Score 0/82 Timer 08:00
0 Plays Today
% Correct
dot
95.2%
free
94.7%
credit
94.2%
credit,
93.8%
report
92.3%
com
90.9%
a
89.4%
the
89.4%
a
89.4%
and
89.4%
and
89.4%
I
80.8%
I
80.8%
to
69.2%
to
69.2%
in
66.8%
in
66.8%
in
66.8%
you
65.4%
you
65.4%
pirate
63.5%
shoulda
62.5%
should
62%
So
59.1%
like
59.1%
like
59.1%
so
59.1%
this
58.7%
% Correct
this
58.7%
am
58.2%
an
58.2%
They
57.2%
he
57.2%
They
57.2%
why
56.7%
your
56.3%
up
55.8%
up
55.8%
my
55.3%
me
55.3%
restaurant?
54.3%
at
54.3%
gone
53.8%
dressed
52.9%
dress
52.4%
job
51.4%
man
51%
for
51%
say
50.5%
always
50%
t-shirts
49.5%
wants,
49%
I'm
49%
tourists
49%
don't
48.6%
seen
47.6%
% Correct
stole
47.1%
Now
47.1%
atom
47.1%
bomb.
47.1%
identity.
46.6%
Its
46.2%
because
45.7%
some
45.7%
comin
45.7%
coulda
45.2%
end
45.2%
all
44.7%
serving
44.7%
send
44.7%
hacker
44.2%
alerts
44.2%
monitor
43.8%
tea
43.3%
e-mail
43.3%
fish
43.3%
iced
42.8%
selling
42.3%
here
39.4%
chowder
37.5%
every
35.1%
evening
32.7%

You're not logged in!

Compare scores with friends on all Sporcle quizzes.
OR
Log In

You Might Also Like...

Show Comments

Extras

Top Quizzes Today


Score Distribution

Your Account Isn't Verified!

In order to create a playlist on Sporcle, you need to verify the email address you used during registration. Go to your Sporcle Settings to finish the process.

Report this User

Report this user for behavior that violates our Community Guidelines.

Details: